| 000 | 00568nam a2200205Ia 4500 | ||
|---|---|---|---|
| 008 | 200601s9999 xx 000 0 und d | ||
| 020 | _a978-971-584-544-1 | ||
| 050 | _aREF KPM 26 | ||
| 050 | _b.K43 2007 c.3 | ||
| 100 | _aKhan, Ismael G., Jr. | ||
| 245 | 0 | _aEverybody's dictionary of Philippine law / | |
| 245 | 0 | _cIsmael G. Khan, Jr. | |
| 260 | _aManila : | ||
| 260 | _bC&E Publishing, | ||
| 260 | _c2007 | ||
| 300 | _a244 pages : | ||
| 300 | _c22 cm. | ||
| 650 | _aLaw -- Philippines -- Dictionaries. | ||
| 650 | _xLaw -- Philippines -- Terminologies. | ||
| 999 |
_c363371 _d363371 |
||